书目信息 |
| 题名: |
《说文通训定声》高低笔号通检
|
|
| 作者: | 蔡勇飞 著 | |
| 分册: | 二 | |
| 出版信息: | 杭州 杭州师范学院 1984.08 |
|
| 页数: | 151-340页 | |
| 开本: | 26cm | |
| 丛书名: | ||
| 单 册: | ||
| 中图分类: | H124.5 | |
| 科图分类: | ||
| 主题词: | 汉字--排检法 | |
| 电子资源: | ||
| ISBN: | ||
| 000 | 00625nam0 2200205 45 | |
| 001 | 0504281058 | |
| 005 | 20050428153928.0 | |
| 010 | @dCNY12.00 | |
| 100 | @a20050428d1984 km y0chiy0120 ea | |
| 101 | 0 | @achi |
| 105 | @a z 000yy | |
| 200 | 1 | @a《说文通训定声》高低笔号通检@A《Shuo Wen Tong Xun Ding Sheng》Gao Di Bi Hao Tong Jian@h二@f蔡勇飞著@FCai Yong Fei Zhu |
| 210 | @a杭州@c杭州师范学院@d1984.08 | |
| 215 | @a151-340页@d26cm | |
| 300 | @a杭州师范学院古籍整理项目之一 | |
| 606 | 0 | @a汉字@x排检法 |
| 690 | @aH124.5@v3 | |
| 701 | 0 | @a蔡勇飞@4著 |
| 801 | @aCN@bPftUser@c20050428 | |
| 905 | @dH124.5@e26:2@f4@b136061-064 | |
| 《说文通训定声》高低笔号通检.二/蔡勇飞著.-杭州:杭州师范学院,1984.08 |
| 151-340页;26cm |
| 杭州师范学院古籍整理项目之一 |
| ISBN :CNY12.00 |
| ● |
| 相关链接 |
|
|
|
|
正题名:《说文通训定声》高低笔号通检
索取号:H124.5/26:2
 
预约/预借
| 序号 | 登录号 | 条形码 | 馆藏地/架位号 | 状态 | 备注 |
| 1 | 0136061 | 001562142 | 密集书库/ [索取号:H124.5/26:2] | 在馆 | |
| 2 | 0136062 | 002037922 | 密集书库/ [索取号:H124.5/26:2] | 在馆 | |
| 3 | 0136063 | 001562259 | 密集书库/ [索取号:H124.5/26:2] | 在馆 | |
| 4 | 0136064 | 001562151 | 密集书库/ [索取号:H124.5/26:2] | 在馆 | |
| 5 | 0136065 | 000833771 | 第二样本阅览室/ [索取号:H124.5/26:2] | 在馆 |